[Event "Trophée Roza Lallemand 2013"]
[Site "VILLANDRY"]
[Date "2013.05.11"]
[Round "1.1"]
[White "Milliet, Sophie"]
[Black "Malassagne, Isabelle"]
[Result "1-0"]
[WhiteElo "2412"]
[BlackElo "1930"]
[PlyCount "103"]
[EventDate "2013.??.??"]

1. e4 e5 2. Nf3 Nc6 3. Bc4 Bc5 4. d3 Nf6 5. Bb3 a6 6. h3 Ba7 7. c3 d6 8. Nbd2
O-O 9. Nf1 d5 10. Qe2 d4 11. Ng3 Qd6 12. O-O Be6 13. Bc2 h6 14. Nh4 dxc3 15.
bxc3 Ne7 16. a4 Qd7 17. Kh2 Rfd8 18. f4 exf4 19. Rxf4 Nh7 20. Nhf5 Ng6 21. Rf1
c5 22. e5 Bb8 23. d4 Bc7 24. Kh1 Re8 25. Qf3 Bd5 26. Be4 Bxe4 27. Nxe4 cxd4 28.
cxd4 Rad8 29. Nfd6 Re7 30. Nc5 Qc6 31. Ncxb7 Qxf3 32. Rxf3 Rb8 33. Ba3 Ng5 34.
Rc3 Bb6 35. Nc5 Rd8 36. Rb1 Bxc5 37. Bxc5 Red7 38. Rcb3 Ne6 39. Bb6 Rb8 40. a5
Ngf4 41. Bc5 Rbd8 42. Rb8 Nd3 43. Rxd8+ Rxd8 44. Bb6 Rb8 45. Rf1 Ng5 46. h4 Ne6
47. Rxf7 Nb2 48. Re7 Nf4 49. Re8+ Rxe8 50. Nxe8 Na4 51. Nc7 Nc3 52. Nxa6 1-0

[Event "Trophée Roza Lallemand 2013"]
[Site "VILLANDRY"]
[Date "2013.05.11"]
[Round "1.2"]
[White "Broly, Marine"]
[Black "Safranska, Anda"]
[Result "0-1"]
[WhiteElo "1920"]
[BlackElo "2370"]
[PlyCount "116"]
[EventDate "2013.??.??"]

1. d4 d6 2. Nf3 g6 3. e4 Nf6 4. Nbd2 Bg7 5. Bd3 O-O 6. O-O Nc6 7. c3 e5 8. dxe5
dxe5 9. Nc4 Nh5 10. Re1 a6 11. a4 b6 12. b4 Re8 13. Bf1 Bg4 14. Ncd2 Nf4 15.
Qb3 Be6 16. Qc2 h6 17. Nc4 Nh5 18. Ba3 Bg4 19. Nfd2 Nf4 20. Ne3 Be6 21. Rad1
Qc8 22. Nf3 Kh7 23. Bc4 Bxc4 24. Nxc4 Qg4 25. Ne3 Qe6 26. Rd2 b5 27. Red1 Rad8
28. Bc1 Rxd2 29. Rxd2 Rd8 30. axb5 axb5 31. Rxd8 Nxd8 32. c4 bxc4 33. Nxc4 Qc6
34. g3 Nfe6 35. Qd3 Qb5 36. Qc3 Nd4 37. Kg2 N8e6 38. Be3 Nxf3 39. Kxf3 Nd4+ 40.
Kg2 Qc6 41. Qd3 h5 42. h4 Qb5 43. Qc3 Nc6 44. Bc5 Nd4 45. Nxe5 Nc6 46. f4 Qe2+
47. Bf2 Nxe5 48. fxe5 Qxe4+ 49. Kh2 Bxe5 50. Qb3 Qxh4+ 51. Kg2 Qf6 52. Qc4 Qf5
53. b5 g5 54. Qb3 Kg7 55. b6 cxb6 56. Qxb6 Qe4+ 57. Kg1 g4 58. Qc5 h4 0-1

[Event "Trophée Roza Lallemand 2013"]
[Site "VILLANDRY"]
[Date "2013.05.11"]
[Round "1.3"]
[White "Wohlers-Armas, Friederike"]
[Black "Hernandez, Lara"]
[Result "1-0"]
[WhiteElo "2300"]
[BlackElo "1910"]
[PlyCount "63"]
[EventDate "2013.??.??"]

1. d4 Nf6 2. c4 g6 3. Nc3 Bg7 4. e4 d6 5. f3 O-O 6. Be3 c5 7. d5 e6 8. Bd3 exd5
9. cxd5 Nbd7 10. Nge2 Ne5 11. O-O a6 12. Rb1 b5 13. b4 c4 14. Bc2 Re8 15. a4
Bd7 16. axb5 axb5 17. Nd4 Qb8 18. h3 Ra3 19. Qd2 Bc8 20. Ndxb5 Ra6 21. Nd4 Rb6
22. b5 Bd7 23. Nc6 Bxc6 24. bxc6 Rxb1 25. Rxb1 Qc8 26. f4 Nf3+ 27. gxf3 Qxh3
28. Nd1 Qxf3 29. Qg2 Qxg2+ 30. Kxg2 Nxe4 31. Bxe4 Rxe4 32. c7 1-0

[Event "Trophée Roza Lallemand 2013"]
[Site "VILLANDRY"]
[Date "2013.05.11"]
[Round "1.4"]
[White "Sauve, Anne-Charlotte"]
[Black "Leconte, Maria"]
[Result "0-1"]
[WhiteElo "1900"]
[BlackElo "2290"]
[PlyCount "62"]
[EventDate "2013.??.??"]

1. e4 Nf6 2. e5 Nd5 3. d4 d6 4. Bc4 Nb6 5. Bb3 d5 6. Nc3 Bf5 7. Nf3 e6 8. O-O
Be7 9. Be3 O-O 10. Qe2 N8d7 11. Na4 Bg4 12. c3 f6 13. exf6 Rxf6 14. Bc2 Bxf3
15. gxf3 Nxa4 16. Bxa4 Bd6 17. Kh1 Qe8 18. Rg1 Qh5 19. Rg2 Rg6 20. Rag1 Rxg2
21. Rxg2 c6 22. Bc2 Rf8 23. Qd3 e5 24. dxe5 Nxe5 25. Qd4 Rf7 26. Qxa7 Qxf3 27.
Qd4 g6 28. Bd1 Qh3 29. Bf4 Qf5 30. Bxe5 Bxe5 31. Qd2 Qe4 0-1

[Event "Trophée Roza Lallemand 2013"]
[Site "VILLANDRY"]
[Date "2013.05.11"]
[Round "1.5"]
[White "Roumegous, Marina"]
[Black "Aubert, Laurane"]
[Result "1-0"]
[WhiteElo "2220"]
[BlackElo "1890"]
[PlyCount "75"]
[EventDate "2013.??.??"]

1. d4 Nf6 2. Bg5 g6 3. Bxf6 exf6 4. e3 Bg7 5. Bd3 O-O 6. h4 d5 7. h5 f5 8. Qf3
c6 9. Nd2 Bf6 10. Ne2 Nd7 11. hxg6 fxg6 12. Nf4 Re8 13. O-O-O Nf8 14. Kb1 a5
15. c4 dxc4 16. Bxc4+ Kh8 17. Bf7 Re7 18. Nxg6+ Nxg6 19. Bxg6 Qd7 20. Rh5 f4
21. Bf5 Qe8 22. Bxc8 Rxc8 23. Nc4 Qg6+ 24. Ka1 c5 25. Rxc5 Rxc5 26. dxc5 Rf7
27. e4 a4 28. a3 Qg5 29. Rd5 Qh6 30. e5 Be7 31. Nd6 Rg7 32. Nf5 Qh1+ 33. Ka2
Rf7 34. Nxe7 Rxe7 35. Qxf4 Re8 36. Qf6+ Kg8 37. Rd7 Qh5 38. Qg7# 1-0

[Event "Trophée Roza Lallemand 2013"]
[Site "VILLANDRY"]
[Date "2013.05.11"]
[Round "2.1"]
[White "Bellaiche, Elise"]
[Black "Milliet, Sophie"]
[Result "0-1"]
[WhiteElo "2025"]
[BlackElo "2412"]
[PlyCount "100"]
[EventDate "2013.??.??"]

1. e4 d6 2. d4 Nf6 3. Nc3 Nbd7 4. Be3 e5 5. f3 Be7 6. Qd2 c6 7. O-O-O O-O 8. g4
b5 9. h4 Qa5 10. Kb1 b4 11. Nce2 Nb6 12. Ng3 Na4 13. N1e2 Rb8 14. b3 Nc3+ 15.
Nxc3 bxc3 16. Qc1 d5 17. Re1 Ba3 18. Qd1 dxe4 19. g5 Nd5 20. Nxe4 Nb4 21. Nxc3
Bf5 22. Re2 Nxc2 23. Rxc2 Qxc3 24. Bc1 Qxc2+ 25. Qxc2 Bxc2+ 26. Kxc2 Bxc1 27.
Kxc1 exd4 28. Bd3 c5 29. Kd2 Rfe8 30. Rc1 Re3 31. Be4 Rc3 32. Rxc3 dxc3+ 33.
Kxc3 Rd8 34. Kc4 Rd2 35. a4 Rh2 36. Kxc5 Rxh4 37. Kb5 Rh5 38. Ka6 Rxg5 39. Kxa7
h5 40. b4 h4 41. b5 h3 42. f4 Rc5 43. b6 Rc4 44. Bh1 Rxa4+ 45. Kb8 Rxf4 46. b7
Rb4 47. Kc7 g5 48. b8=Q+ Rxb8 49. Kxb8 g4 50. Kc7 g3 0-1

[Event "Trophée Roza Lallemand 2013"]
[Site "VILLANDRY"]
[Date "2013.05.11"]
[Round "2.2"]
[White "Safranska, Anda"]
[Black "Fancelli, Sophie"]
[Result "0-1"]
[WhiteElo "2370"]
[BlackElo "2010"]
[PlyCount "88"]
[EventDate "2013.??.??"]

1. e4 e6 2. Qe2 c5 3. Nf3 Nc6 4. g3 d6 5. Bg2 Be7 6. O-O Nf6 7. c3 e5 8. d3 O-O
9. a3 Bg4 10. h3 Bd7 11. b4 cxb4 12. axb4 a6 13. Nbd2 Rc8 14. Nc4 Be6 15. Bb2
Nd7 16. Na5 Nxa5 17. Rxa5 Nb6 18. c4 Nxc4 19. dxc4 Bxc4 20. Qd2 Bxf1 21. Bxf1
f5 22. exf5 Rxf5 23. Nh2 Qb6 24. Bc3 Rcf8 25. Ng4 h5 26. Ne3 Rxf2 27. Qxf2 Rxf2
28. Kxf2 Bg5 29. Bd2 Bxe3+ 30. Bxe3 Qxb4 31. Ra2 d5 32. Rc2 Qd6 33. Rc8+ Kf7
34. Be2 g6 35. Bg5 b6 36. Bxa6 b5 37. Ra8 Qc5+ 38. Kf1 d4 39. Rb8 Qc4+ 40. Kg1
d3 41. Rb7+ Ke6 42. Re7+ Kf5 43. Rb7 Ke6 44. Rxb5 Qd4+ 0-1

[Event "Trophée Roza Lallemand 2013"]
[Site "VILLANDRY"]
[Date "2013.05.11"]
[Round "2.3"]
[White "Ionutiu, Adela"]
[Black "Wohlers-Armas, Friederike"]
[Result "0-1"]
[WhiteElo "2010"]
[BlackElo "2300"]
[PlyCount "74"]
[EventDate "2013.??.??"]

1. e4 c5 2. Nf3 d6 3. d4 cxd4 4. Nxd4 Nf6 5. Nc3 g6 6. Be3 Bg7 7. Qd2 Nc6 8.
Bb5 Bd7 9. Nxc6 bxc6 10. Bd3 O-O 11. O-O Rb8 12. Rab1 Ng4 13. Bg5 h6 14. Bf4
Kh7 15. h3 Ne5 16. Bxe5 Bxe5 17. f4 Bg7 18. Bc4 Qa5 19. Bb3 c5 20. Kh2 Qb4 21.
Rf3 Bc6 22. Bd5 Bxd5 23. exd5 Rb7 24. b3 Rc8 25. Ne4 Qxe4 26. Re1 Qb4 27. c3
Qb6 28. f5 Be5+ 29. Rxe5 dxe5 30. fxg6+ Qxg6 31. Rg3 Qh5 32. Qd3+ f5 33. d6 e6
34. d7 Rd8 35. Qd6 Qf7 36. Qxe5 Rbxd7 37. Qxc5 Rd4 0-1

[Event "Trophée Roza Lallemand 2013"]
[Site "VILLANDRY"]
[Date "2013.05.11"]
[Round "2.4"]
[White "Leconte, Maria"]
[Black "Le Bihan, Alison"]
[Result "1-0"]
[WhiteElo "2290"]
[BlackElo "2010"]
[PlyCount "47"]
[EventDate "2013.??.??"]

1. d4 d5 2. Nf3 Nf6 3. e3 e6 4. Bd3 Be7 5. O-O O-O 6. Nbd2 c5 7. b3 Nc6 8. Bb2
a6 9. Ne5 Qc7 10. f4 cxd4 11. exd4 Nb4 12. Qf3 Nxd3 13. Qxd3 Bd7 14. c4 dxc4
15. bxc4 Bc6 16. f5 exf5 17. Rxf5 b5 18. Rc1 b4 19. d5 Bd7 20. Rg5 h6 21. Rg3
Bd6 22. Nxd7 Nxd7 23. Rxg7+ Kh8 24. Qh7# 1-0

[Event "Trophée Roza Lallemand 2013"]
[Site "VILLANDRY"]
[Date "2013.05.11"]
[Round "2.5"]
[White "Duval, Claire"]
[Black "Roumegous, Marina"]
[Result "0-1"]
[WhiteElo "2000"]
[BlackElo "2220"]
[PlyCount "68"]
[EventDate "2013.??.??"]

1. d4 e6 2. c4 Nf6 3. Nc3 Bb4 4. Qc2 c5 5. dxc5 Bxc5 6. Bg5 Nc6 7. Nf3 h6 8.
Bh4 Be7 9. e3 O-O 10. Be2 b6 11. O-O Bb7 12. a3 a6 13. Rad1 d6 14. e4 Qc7 15.
h3 Rfd8 16. Bg3 Ne5 17. Nxe5 dxe5 18. Rxd8+ Rxd8 19. Bh4 Rd4 20. Bxf6 Bxf6 21.
Rd1 Qd8 22. Rd3 Qc8 23. Rd1 Bg5 24. Bd3 Qd8 25. Ne2 Rd7 26. c5 bxc5 27. Qa4
Rxd3 28. Rxd3 Qxd3 29. Qe8+ Kh7 30. Qxe6 fxe6 31. f3 Qxe2 32. Kh1 Be3 33. Kh2
Qf1 34. g3 Bf4 0-1

[Event "Trophée Roza Lallemand 2013"]
[Site "VILLANDRY"]
[Date "2013.05.11"]
[Round "3.1"]
[White "Milliet, Sophie"]
[Black "Navrotescu, Andreea"]
[Result "1-0"]
[WhiteElo "2412"]
[BlackElo "2150"]
[PlyCount "99"]
[EventDate "2013.??.??"]

1. e4 c5 2. Nc3 e6 3. Nf3 Nc6 4. Be2 Nf6 5. O-O Be7 6. d4 cxd4 7. Nxd4 d6 8.
Be3 O-O 9. Kh1 Bd7 10. Nb3 a6 11. a4 Qc7 12. a5 Rac8 13. f4 Nb4 14. Bf3 Rfe8
15. g4 e5 16. f5 d5 17. Bb6 Qc4 18. exd5 Nfxd5 19. Nxd5 Nxc2 20. Nd2 Qd3 21.
Be4 Qb5 22. Nxe7+ Rxe7 23. Bxc2 Qxb2 24. Be4 Bb5 25. Rf2 Rd7 26. Qb1 Qc3 27.
Nf3 Bd3 28. Bxd3 Rxd3 29. Ne1 Qc6+ 30. Kg1 Rc3 31. Qd1 e4 32. Rc2 Rxc2 33. Qxc2
Qxc2 34. Nxc2 Rxc2 35. Re1 Rc4 36. Kf2 f6 37. Ke3 Kf7 38. Rd1 Ke7 39. Rd4 Rc2
40. Rxe4+ Kf7 41. Rd4 Rxh2 42. Rd7+ Kg8 43. Rxb7 Rh4 44. Kf3 Rh3+ 45. Kf4 Rh4
46. Kg3 Rh1 47. Ra7 h5 48. gxh5 Rxh5 49. Kg4 Rg5+ 50. Kf4 1-0

[Event "Trophée Roza Lallemand 2013"]
[Site "VILLANDRY"]
[Date "2013.05.11"]
[Round "3.2"]
[White "Wohlers-Armas, Friederike"]
[Black "Genzling, Sylvie"]
[Result "1/2-1/2"]
[WhiteElo "2300"]
[BlackElo "2120"]
[PlyCount "45"]
[EventDate "2013.??.??"]

1. d4 d5 2. c4 e6 3. Nc3 c5 4. e3 Nf6 5. a3 cxd4 6. exd4 Nc6 7. Nf3 a6 8. c5
Qc7 9. b4 Be7 10. g3 e5 11. dxe5 Nxe5 12. Nxd5 Nxf3+ 13. Qxf3 Qe5+ 14. Qe3 Qxd5
15. f3 O-O 16. Bg2 Re8 17. O-O a5 18. f4 Qc4 19. Bb2 axb4 20. axb4 Rxa1 21.
Rxa1 Qxc5 22. bxc5 Bxc5 23. Ba3 1/2-1/2

[Event "Trophée Roza Lallemand 2013"]
[Site "VILLANDRY"]
[Date "2013.05.11"]
[Round "3.3"]
[White "Fischer, Julie"]
[Black "Leconte, Maria"]
[Result "1-0"]
[WhiteElo "2110"]
[BlackElo "2290"]
[PlyCount "143"]
[EventDate "2013.??.??"]

1. e4 Nf6 2. e5 Nd5 3. d4 d6 4. c4 Nb6 5. exd6 cxd6 6. Nc3 g6 7. Be3 Bg7 8. Rc1
O-O 9. Nf3 Bg4 10. h3 Bxf3 11. Qxf3 Nc6 12. Qd1 d5 13. c5 Nc8 14. Be2 e5 15.
dxe5 d4 16. Bxd4 Qxd4 17. Qxd4 Nxd4 18. f4 Ne6 19. Nd5 Re8 20. Bg4 Rb8 21. O-O
h5 22. Bf3 Ne7 23. g4 Nxd5 24. Bxd5 hxg4 25. hxg4 Red8 26. Bb3 Rd4 27. Rc4 Rxc4
28. Bxc4 Nxc5 29. f5 gxf5 30. Rxf5 Ne6 31. g5 Re8 32. Bd5 b6 33. Kg2 Nd8 34. g6
Rxe5 35. Bxf7+ Nxf7 36. Rxf7 Ra5 37. b4 Rxa2+ 38. Kf3 Ra4 39. b5 Ra5 40. Ke4
Rxb5 41. Rxa7 Re5+ 42. Kf4 Re6 43. Kf5 Rf6+ 44. Kg5 Rc6 45. Kf5 b5 46. Rb7 Rc5+
47. Ke4 Re5+ 48. Kf4 Rc5 49. Ke4 Bf6 50. Kd3 Bc3 51. Kc2 b4 52. Kb3 Rc6 53. g7
Rg6 54. Rb8+ Kxg7 55. Rb7+ Kh6 56. Rb5 Rg2 57. Rb6+ Kg5 58. Rb5+ Kf4 59. Rd5
Ke4 60. Rd8 Rd2 61. Re8+ Kd3 62. Rd8+ Ke2 63. Rg8 Rb2+ 64. Kc4 Kd1 65. Kd3 Be1
66. Kc4 Kc1 67. Rg1 Re2 68. Rg4 Kc2 69. Rf4 b3 70. Rf3 b2 71. Rb3 Re4+ 72. Kd5
1-0

[Event "Trophée Roza Lallemand 2013"]
[Site "VILLANDRY"]
[Date "2013.05.11"]
[Round "3.4"]
[White "Roumegous, Marina"]
[Black "Verot, Mélanie"]
[Result "1-0"]
[WhiteElo "2220"]
[BlackElo "2050"]
[PlyCount "75"]
[EventDate "2013.??.??"]

1. d4 Nf6 2. Bg5 e6 3. e3 h6 4. Bh4 g5 5. Bg3 Bg7 6. Bd3 d6 7. c4 c5 8. dxc5
dxc5 9. Nc3 a6 10. Qe2 Nc6 11. Rd1 Qa5 12. Nf3 O-O 13. Ne5 Nxe5 14. Bxe5 Bd7
15. O-O Bc6 16. f4 Nd7 17. Bxg7 Kxg7 18. fxg5 Ne5 19. Qh5 Nxd3 20. Qxh6+ Kg8
21. Rxd3 Qc7 22. g6 fxg6 23. Qxg6+ Qg7 24. Qxe6+ Rf7 25. Nd5 Kf8 26. Rxf7+ Qxf7
27. Qxf7+ Kxf7 28. e4 Re8 29. Re3 b5 30. b3 Kg6 31. Kf2 bxc4 32. bxc4 Rb8 33.
Rb3 Rxb3 34. axb3 Kg5 35. Ke3 a5 36. g3 Kg4 37. e5 Kf5 38. Ne7+ 1-0

[Event "Trophée Roza Lallemand 2013"]
[Site "VILLANDRY"]
[Date "2013.05.11"]
[Round "3.5"]
[White "Fancelli, Sophie"]
[Black "Bollengier, Andreea"]
[Result "0-1"]
[WhiteElo "2010"]
[BlackElo "2210"]
[PlyCount "86"]
[EventDate "2013.??.??"]

1. d4 d5 2. Nf3 Nf6 3. e3 a6 4. Bd3 Bg4 5. Nbd2 e6 6. c3 c5 7. O-O Nc6 8. Re1
cxd4 9. exd4 Be7 10. Qc2 Rc8 11. a3 b5 12. Qb1 Bh5 13. h3 Bg6 14. Bxg6 hxg6 15.
Ne5 Nxe5 16. Rxe5 Bd6 17. Re2 g5 18. Nf3 g4 19. hxg4 Nxg4 20. g3 Qc7 21. Kg2
Kf8 22. Bd2 a5 23. Qc1 b4 24. axb4 axb4 25. cxb4 Qxc1 26. Rxc1 Rxc1 27. Bxc1
Bxb4 28. Rc2 Ke7 29. Rc7+ Kf6 30. Bg5+ Kg6 31. Bc1 Bd6 32. Rc6 Bb8 33. Nh4+ Kf6
34. Nf3 Ke7 35. b4 Bd6 36. b5 Rb8 37. Bf4 Bxf4 38. gxf4 Rxb5 39. Rc7+ Kf6 40.
Ng5 Nh6 41. Ra7 Rb4 42. Nf3 Kf5 43. Ne5 Kf6 0-1

[Event "Trophée Roza Lallemand 2013"]
[Site "VILLANDRY"]
[Date "2013.05.11"]
[Round "4.1"]
[White "Bollengier, Andreea"]
[Black "Milliet, Sophie"]
[Result "0-1"]
[WhiteElo "2210"]
[BlackElo "2412"]
[PlyCount "71"]
[EventDate "2013.??.??"]

1. Nf3 d5 2. c4 c6 3. b3 Nf6 4. g3 Bf5 5. Bg2 e6 6. O-O h6 7. Bb2 Be7 8. d3
Nbd7 9. Nbd2 O-O 10. a3 a5 11. Bc3 Bh7 12. b4 axb4 13. axb4 Qb6 14. Qb3 Rfe8
15. Qb2 Bf8 16. Rfb1 Qc7 17. h3 dxc4 18. Nxc4 Nd5 19. Bd2 Be7 20. e4 Bf6 21.
Rxa8 Rxa8 22. Qb3 N5b6 23. Bf4 Qd8 24. Na5 Qc8 25. Nd2 Bd4 26. Rc1 e5 27. Be3
Bxe3 28. fxe3 Nf6 29. Qc3 Qc7 30. Ndb3 Nbd7 31. b5 Qb6 32. bxc6 Qxe3+ 33. Kh2
bxc6 34. Qxc6 Rf8 35. Nc4 Qxd3 36. Nb6 0-1

[Event "Trophée Roza Lallemand 2013"]
[Site "VILLANDRY"]
[Date "2013.05.11"]
[Round "4.2"]
[White "Leconte, Maria"]
[Black "Roumegous, Marina"]
[Result "1-0"]
[WhiteElo "2290"]
[BlackElo "2220"]
[PlyCount "70"]
[EventDate "2013.??.??"]

1. d4 e6 2. Nf3 Nf6 3. e3 c5 4. Bd3 b6 5. O-O Bb7 6. b3 Be7 7. Bb2 cxd4 8. exd4
O-O 9. c4 Be4 10. Nc3 Bxd3 11. Qxd3 d5 12. Ne5 a6 13. Rac1 Ra7 14. Na4 dxc4 15.
bxc4 Nfd7 16. Nxd7 Nxd7 17. Qb3 Qb8 18. Rfe1 Bf6 19. d5 Bxb2 20. Qxb2 exd5 21.
cxd5 Qd6 22. Qd4 Rc7 23. Rxc7 Qxc7 24. h4 h6 25. d6 Qc6 26. Re3 Rd8 27. Rg3 f6
28. Nc3 Ne5 29. Ne4 Kh7 30. Qe3 f5 31. Ng5+ hxg5 32. Qxe5 Qc1+ 33. Kh2 Qf4 34.
Qe7 Rxd6 35. hxg5 Rg6 1-0

[Event "Trophée Roza Lallemand 2013"]
[Site "VILLANDRY"]
[Date "2013.05.11"]
[Round "4.3"]
[White "Genzling, Sylvie"]
[Black "Collas, Silvia"]
[Result "1/2-1/2"]
[WhiteElo "2120"]
[BlackElo "2180"]
[PlyCount "116"]
[EventDate "2013.??.??"]

1. e4 c5 2. Nf3 e6 3. c4 a6 4. d4 cxd4 5. Nxd4 d6 6. Nc3 Nf6 7. Be2 Be7 8. O-O
O-O 9. f4 Qc7 10. Kh1 Nc6 11. Be3 Nd7 12. Rc1 Nxd4 13. Bxd4 Re8 14. Qe1 Bf8 15.
Qg3 b6 16. e5 Bb7 17. Rcd1 g6 18. b3 Rad8 19. exd6 Bxd6 20. Be3 Bf8 21. Bf3 Bg7
22. Ne2 Nf6 23. Bxb7 Qxb7 24. h3 Ne4 25. Qf3 f5 26. Bd4 Bxd4 27. Nxd4 e5 28.
Ne2 Qe7 29. Nc3 Nxc3 30. Qxc3 e4 31. Qe3 Qc5 32. Qc3 e3 33. Rxd8 Rxd8 34. Re1
Re8 35. b4 Qe7 36. c5 bxc5 37. bxc5 Qe4 38. c6 Qxf4 39. c7 Rc8 40. Rxe3 Rxc7
41. Qe1 Kf7 42. a3 Qc4 43. Kh2 Qd4 44. Qe2 Qf4+ 45. g3 Qa4 46. Qa2+ Qc4 47. Qg2
Qc6 48. Qf2 Rd7 49. h4 Qd5 50. Re2 Qd4 51. Qg2 Qg4 52. Rf2 Kg7 53. Qc6 f4 54.
Qc3+ Kh6 55. Rxf4 Qd1 56. Rf2 Qd3 57. Qc1+ Kg7 58. Qf4 Qd6 1/2-1/2

[Event "Trophée Roza Lallemand 2013"]
[Site "VILLANDRY"]
[Date "2013.05.11"]
[Round "4.4"]
[White "Navrorescu, Andreea"]
[Black "Wohlers-Armas, Friederike"]
[Result "1-0"]
[WhiteElo "2150"]
[BlackElo "2300"]
[PlyCount "90"]
[EventDate "2013.??.??"]

1. d4 Nf6 2. Nf3 b5 3. g3 Bb7 4. Bg2 e6 5. O-O Be7 6. Qd3 a6 7. Nbd2 O-O 8. e4
c5 9. c3 cxd4 10. cxd4 Nc6 11. e5 Nd5 12. Ne4 h6 13. a3 Rc8 14. b4 Nb6 15. Nc5
Bxc5 16. dxc5 Nd5 17. Bb2 Rb8 18. Nd2 Nce7 19. Ne4 a5 20. bxa5 Qxa5 21. Bc1 Ng6
22. f4 b4 23. Bd2 Ba6 24. Qf3 Bxf1 25. Bxf1 Qc7 26. axb4 Nxb4 27. h4 Nc6 28. h5
Nge7 29. g4 Qb7 30. Bd3 Qb3 31. Nc3 Qb2 32. Rd1 Rb4 33. g5 hxg5 34. fxg5 Nxe5
35. Qe3 Nxd3 36. Qxd3 Rg4+ 37. Kf2 Qb7 38. Rg1 Rxg1 39. Kxg1 Ra8 40. h6 Ra1+
41. Kf2 Qa6 42. Nb5 Nf5 43. Qxd7 Rb1 44. Qe8+ Kh7 45. Qxe6 fxe6 1-0

[Event "Trophée Roza Lallemand 2013"]
[Site "VILLANDRY"]
[Date "2013.05.11"]
[Round "4.5"]
[White "Dacalor, Aurelie"]
[Black "Safranska, Anda"]
[Result "0-1"]
[WhiteElo "1960"]
[BlackElo "2370"]
[PlyCount "64"]
[EventDate "2013.??.??"]

1. d4 d6 2. c4 e5 3. dxe5 dxe5 4. Qxd8+ Kxd8 5. Nc3 c6 6. g3 Be6 7. b3 f6 8.
Bb2 Nd7 9. O-O-O Kc7 10. Bg2 a5 11. Nf3 Nh6 12. h3 Bb4 13. Rd2 Rhd8 14. Rhd1 a4
15. e3 Re8 16. g4 axb3 17. axb3 Nc5 18. Kc2 Nf7 19. Ra1 Rxa1 20. Bxa1 h5 21.
Ne1 hxg4 22. hxg4 Bxg4 23. f3 Bf5+ 24. e4 Bc8 25. Bf1 Ng5 26. Rg2 Rh8 27. Nd3
Rh1 28. Rf2 Nxd3 29. Kxd3 Bc5 30. Ke2 Bxf2 31. Kxf2 Bh3 32. Bxh3 Rxh3 0-1

[Event "Trophée Roza Lallemand 2013"]
[Site "VILLANDRY"]
[Date "2013.05.11"]
[Round "5.1"]
[White "Milliet, Sophie"]
[Black "Leconte, Maria"]
[Result "1-0"]
[WhiteElo "2412"]
[BlackElo "2290"]
[PlyCount "95"]
[EventDate "2013.??.??"]

1. e4 Nf6 2. e5 Nd5 3. d4 d6 4. Nf3 g6 5. Bc4 Nb6 6. Bb3 d5 7. O-O Bg7 8. Re1
O-O 9. a4 a5 10. Nc3 Bg4 11. h3 Bxf3 12. Qxf3 Nc6 13. Nb5 e6 14. Qg3 Ne7 15.
Bg5 Qd7 16. c3 Nf5 17. Qf3 h6 18. Bf4 c6 19. Na3 Qe7 20. Nc2 Nd7 21. Ne3 Nh4
22. Qe2 Rae8 23. Bc2 c5 24. Bg3 Nf5 25. Nxf5 exf5 26. Qb5 b6 27. f4 Qe6 28. Bf2
c4 29. b3 Rc8 30. bxc4 Rxc4 31. Bb3 Rfc8 32. Bxc4 Rxc4 33. Rab1 Kh7 34. Bh4 Kg8
35. Bd8 Rc6 36. c4 Rxc4 37. Bxb6 Nxb6 38. Qxb6 Rxa4 39. Qxe6 fxe6 40. Rb8+ Kh7
41. Rc1 Rxd4 42. Rc7 Rc4 43. Rd7 Rb4 44. Ra8 Rxf4 45. Raa7 h5 46. Rxg7+ Kh6 47.
g3 Re4 48. h4 1-0

[Event "Trophée Roza Lallemand 2013"]
[Site "VILLANDRY"]
[Date "2013.05.11"]
[Round "5.2"]
[White "Collas, Silvia"]
[Black "Bollengier, Andreea"]
[Result "1-0"]
[WhiteElo "2180"]
[BlackElo "2210"]
[PlyCount "69"]
[EventDate "2013.??.??"]

1. d4 d5 2. Nf3 Nf6 3. e3 a6 4. Bd3 Bg4 5. O-O e6 6. Nbd2 c5 7. b3 Nc6 8. Bb2
Rc8 9. h3 Bh5 10. a3 Be7 11. Qe1 Bg6 12. dxc5 Bxd3 13. cxd3 Bxc5 14. b4 Be7 15.
Nb3 O-O 16. Rc1 Nd7 17. e4 dxe4 18. dxe4 Bf6 19. e5 Ncxe5 20. Nxe5 Rxc1 21.
Nxc1 Nb6 22. Qe2 Na4 23. Ba1 Qc7 24. Ncd3 Rd8 25. f4 Nc3 26. Qf3 Nd5 27. Nc5 b6
28. Ne4 Qc2 29. Nxf6+ Nxf6 30. Ng4 Ne4 31. f5 Nd2 32. Nh6+ gxh6 33. Qg4+ Kf8
34. Qg7+ Ke8 35. fxe6 1-0

[Event "Trophée Roza Lallemand 2013"]
[Site "VILLANDRY"]
[Date "2013.05.11"]
[Round "5.3"]
[White "Safranska, Anda"]
[Black "Verot, Melanie"]
[Result "1-0"]
[WhiteElo "2370"]
[BlackElo "2050"]
[PlyCount "109"]
[EventDate "2013.??.??"]

1. Nf3 Nf6 2. g3 d5 3. Bg2 c5 4. O-O e6 5. d3 Be7 6. Nbd2 O-O 7. e4 Nc6 8. Re1
dxe4 9. dxe4 e5 10. c3 h6 11. Qe2 Be6 12. Nh4 Qd7 13. Nf1 Bg4 14. Bf3 Bh3 15.
Ne3 g6 16. Nd5 g5 17. Rd1 Qc8 18. Qb5 Nxd5 19. exd5 a6 20. Qe2 Na5 21. d6 Bf6
22. Ng2 Rd8 23. Ne3 Qb8 24. Nc4 Nxc4 25. Qxc4 Rxd6 26. Rxd6 Qxd6 27. Be3 b5 28.
Qxc5 Qxc5 29. Bxc5 Rd8 30. Be3 Bf5 31. Kf1 Bd3+ 32. Ke1 e4 33. Be2 Kf8 34. a4
b4 35. Bc5+ Be7 36. cxb4 Bxc5 37. bxc5 Rb8 38. Bxd3 exd3 39. Ra2 Rb3 40. Kd2
Ke7 41. f3 Kd7 42. Ra1 Rxb2+ 43. Kxd3 Kc6 44. Rc1 Rb3+ 45. Ke4 Rb4+ 46. Kf5
Rxa4 47. Kf6 Ra3 48. f4 Rf3 49. Rc4 gxf4 50. gxf4 Rf2 51. h4 Rg2 52. Kxf7 Rg4
53. h5 Kd5 54. Ra4 Rxf4+ 55. Rxf4 1-0

[Event "Trophée Roza Lallemand 2013"]
[Site "VILLANDRY"]
[Date "2013.05.11"]
[Round "5.4"]
[White "Roumegous, Marina"]
[Black "Monpeurt, Cyrielle"]
[Result "0-1"]
[WhiteElo "2220"]
[BlackElo "2030"]
[PlyCount "80"]
[EventDate "2013.??.??"]

1. d4 Nf6 2. Bg5 Ne4 3. Bf4 c5 4. f3 Nf6 5. d5 Nh5 6. Bc1 g6 7. e4 d6 8. c3 Bg7
9. Be3 a6 10. a4 Nd7 11. Be2 Rb8 12. Na3 O-O 13. Nh3 Qc7 14. O-O Nhf6 15. Nf2
Qd8 16. Qd2 Ne8 17. Bh6 Nc7 18. Ng4 Ne5 19. Bxg7 Kxg7 20. Qh6+ Kg8 21. Nxe5
dxe5 22. f4 exf4 23. Rxf4 f5 24. Raf1 e6 25. dxe6 Bxe6 26. exf5 Rxf5 27. Rxf5
Bxf5 28. Nc4 Qe7 29. Ne3 Bd7 30. Bc4+ Be6 31. Bxe6+ Qxe6 32. Qf4 Re8 33. Ng4
Nd5 34. Qg5 Rf8 35. Rd1 Nf6 36. Rf1 Nd5 37. Rxf8+ Kxf8 38. Qd8+ Kg7 39. Qg8+
Kxg8 40. Nf6+ Qxf6 0-1

[Event "Trophée Roza Lallemand 2013"]
[Site "VILLANDRY"]
[Date "2013.05.11"]
[Round "5.5"]
[White "Bellaiche, Elise"]
[Black "Navrostescu, Andreea"]
[Result "0-1"]
[WhiteElo "2025"]
[BlackElo "2150"]
[PlyCount "196"]
[EventDate "2013.??.??"]

1. e4 c5 2. c3 Nf6 3. e5 Nd5 4. d4 cxd4 5. Nf3 e6 6. cxd4 b6 7. Nc3 Nxc3 8.
bxc3 Qc7 9. Bd2 d6 10. Bd3 Nd7 11. exd6 Bxd6 12. O-O Bb7 13. h3 h6 14. Qe2 O-O
15. Be4 Nf6 16. Bxb7 Qxb7 17. Rfe1 Rac8 18. c4 Qa6 19. Rec1 Ba3 20. Rc2 Qa4 21.
Qd3 Rfd8 22. Qb3 Qa6 23. Bb4 Bxb4 24. Qxb4 Nd5 25. Qb3 Ne7 26. Rd1 Nc6 27. d5
Na5 28. Qb1 Nxc4 29. dxe6 fxe6 30. Rxd8+ Rxd8 31. Qf1 b5 32. Qe2 Qd6 33. Rc1 e5
34. Re1 Qc5 35. Kh2 Rd5 36. Qe4 Qd6 37. g3 Qc5 38. Kg2 a6 39. Qf5 Qc6 40. Kh2
Qf6 41. Qc8+ Rd8 42. Qb7 Rf8 43. Kg2 Nd2 44. Qd5+ Kh8 45. Qxd2 Qxf3+ 46. Kg1 e4
47. Re3 Qf5 48. Qe2 Qxh3 49. Rxe4 Qf5 50. Kg2 Qd5 51. Kh2 Rd8 52. Re8+ Rxe8 53.
Qxe8+ Kh7 54. Qe2 Qf5 55. Kg2 a5 56. g4 Qd5+ 57. f3 Qc4 58. Qd2 a4 59. Kg3 b4
60. Qd7 Qxa2 61. Qf5+ Kg8 62. Qc8+ Kf7 63. Qb7+ Kf6 64. Qb6+ Qe6 65. Qxb4 Qd7
66. Qf4+ Ke7 67. Qe5+ Kd8 68. Qb8+ Qc8 69. Qd6+ Qd7 70. Qb8+ Ke7 71. Qe5+ Kf7
72. Qf4+ Kg8 73. Qc4+ Kh8 74. Kh3 a3 75. Qb3 Qd6 76. f4 Qa6 77. Qb8+ Kh7 78.
Qb1+ g6 79. f5 a2 80. fxg6+ Kg7 81. Qb2+ Kxg6 82. Qc2+ Kf6 83. Qf5+ Ke7 84.
Qh7+ Kd8 85. Qg8+ Kc7 86. Qf7+ Kb6 87. Qe6+ Ka7 88. Qf7+ Kb6 89. Qe6+ Kb5 90.
Qb3+ Kc5 91. Qc2+ Qc4 92. Qf5+ Kb4 93. Qf8+ Kb3 94. Qb8+ Kc2 95. Qh2+ Kc3 96.
Qe5+ Kb3 97. Qb8+ Qb4 98. Qg8+ Kb2 0-1